| 000 | nam a22 7a 4500 | ||
|---|---|---|---|
| 999 |
_c129368 _d129368 |
||
| 008 | 190402b xxu||||| |||| 00| 0 eng d | ||
| 050 | _aBX1939.M3 P128 | ||
| 100 |
_aPagan, Mathew Daniel Padiet _945736 |
||
| 245 |
_aNilotic customary marriage and its effects on the churches in Sudan _c/ by Mathew Daniel Padiet Pagan |
||
| 260 |
_aRomae: _bPontificia Universitas Urbaniana, _c2019. |
||
| 300 |
_a96p. ; _c24cm. |
||
| 650 |
_aMarriage _xCanon law _923940 |
||
| 650 |
_aMarriage _zSudan _945737 |
||
| 942 |
_2lcc _cMONOGRAPH |
||